000 01100nam a22003497a 4500
003 CHAP
005 20220329140902.0
008 971013s1976 r 00010 d
010 _a59269
011 _a60241
035 _a64401
040 _cCHAP
082 _a500.18
_bP7
100 0 0 _aPrzelecki, Marian
_eed.
_992552
245 _aFormal methods in the methodology of empirical sciences
260 _aDordrecht :
_bHolland Reidel,
_c1976
300 _a457 p.
490 _aSynthese library
590 _aBATCH-UPD
_b10
_c20130110
_lUCH01
_h0026
590 _aBATCH-UPD
_b10
_c20130110
_lUCH01
_h0425
590 _aBATCH-UPD
_b10
_c20130410
_lUCH01
_h0430
590 _aBATCH-UPD
_b10
_c20130914
_lUCH01
_h0934
590 _aCONVERSION
_b10
_c20130109
_lUCH01
_h1332
650 1 4 _aCiencia
_xFilosofĂ­a.
_923124
650 1 4 _aCiencia
_xMetodologĂ­a.
_923129
700 0 _aSzaniawski, Klemens.
_9111171
700 0 _aWojcicki, Ryszard
_eed.
_9122410
830 0 _aSynthese library
_9111153
901 _aBK
942 _cLIBRO
949 _a500.18 P7
_bBC
_cLIBRO
_d33724000442455
_eLIBRO
_h56513
_i64401
_si
999 _c59269
_d59269